| 000 | 00683 a2200181 4500 | ||
|---|---|---|---|
| 003 | Nust | ||
| 005 | 20170207153153.0 | ||
| 040 | _cNust | ||
| 082 | _a005.8 | ||
| 100 | _aAltaf, Ayesha (MSIS-5) | ||
| 245 |
_aSecurity Enhancements for privacy and key management protocol in IEEE 802.16e-2005 _cAyesha Altaf |
||
| 260 |
_bMCS (NUST) _c2009 _aRawalpindi |
||
| 300 | _axi,54, p. | ||
| 505 | _aResearch introduction (page-1) Wireless man IEEE 802.16e-2005 (page-7)Security sub layer for IEEE 802.16e-2005 (page-19) Implementation and simulation results for proposed solution (page-41) Conclusion (page-50) | ||
| 538 | _a Almirah No.70 Shelf No.4 | ||
| 650 | _aPG Thesis | ||
| 651 | _aMSIS-5 | ||
| 942 | _cTHS | ||
| 999 |
_c180654 _d180654 |
||